La géographie dans les chansons de Gérard Manset - Statistiques

Statistiques générales
  • Ce quiz a été pris 41 fois
  • Le résultat moyen est 9 sur 15
Statistiques - réponses
Indice Chanson de Manset % Correct
Continent Chambres d'{Asie}
94%
Zone urbaine qui entoure une ville {Banlieue} Nord
83%
Lieu imaginaire dédié au bonheur, ou ultime espoir des croyants, c'est selon Paradis
80%
Continent L'amour en {Océanie}
74%
La nôtre s'appelle la Voie Lactée Galaxie
71%
Lignes imaginaires se situant aux latitudes + ou - 22°36' Tristes {Tropiques}
71%
Distance d’un lieu à l’équateur mesurée en degrés sur le méridien Solitude des {latitudes}
69%
Bassin du plus grand fleuve d'Amérique du Sud, réputé pour sa forêt O {Amazonie}
57%
Ancienne dénomination d'une actuelle monarchie d'extrême orient Royaume de {Siam}
57%
Capitale d'un pays insulaire d'Amérique Une chambre à {la Havane}
49%
Mer appréciée des plongeurs et des pirates La {Mer Rouge}
46%
Femme polynésienne {Vahiné} ma soeur
46%
Capitale d'un pays insulaire asiatique {Manila} Bay
31%
Rivière de Guyane, haut lieu de recherche d'or au siècle dernier Territoire de l'I{nini}
17%
Archipel de l'Insulinde Les {Iles de la Sonde}
11%
Aucun quiz correspondant
Distribution des résultats
% des personnes avec chaque résultat
Percentile par nombre de réponses
Votre historique - résultats
Vous n’avez pas pris ce quiz